Oracle PL/SQL programming / (Record no. 1106)

MARC details
000 -LEADER
Fixed length control field 00495nam a2200181 4500
003 - CONTROL NUMBER IDENTIFIER
Control field SEACOMMC
005 - DATE AND TIME OF LATEST TRANSACTION
Control field 20250505154042.0
008 - FIXED-LENGTH DATA ELEMENTS--GENERAL INFORMATION
Fixed length control field 250225b |||||||| |||| 00| 0 eng d
020 ## - INTERNATIONAL STANDARD BOOK NUMBER / ISBN
International Standard Book Number 978-81-8404-949-7
Price Rs.600.00
040 ## - CATALOGING SOURCE
Original cataloging agency SEACOMMC
082 ## - DEWEY DECIMAL CLASSIFICATION NUMBER
Classification number 005.7575
Book Number F 423
100 ## - MAIN ENTRY--PERSONAL NAME
Personal name Feuerstein, Steven
245 1# - TITLE STATEMENT
Title Oracle PL/SQL programming /
Statement of responsibility Steven Feuerstein
250 ## - EDITION STATEMENT
Edition statement 4th ed.
260 ## - IMPRINT
Place of publication Kolkata
Name of publisher Shroff Publishers
Date of publication 2005
650 ## - SUBJECT ADDED ENTRY--TOPICAL TERM
Topical term Oracle (Computer file)
942 ## - ADDED ENTRY ELEMENTS (KOHA)
Koha item type Books
Holdings
Withdrawn status Lost status Source of classification Damaged status Not for loan Home library Current library Shelving location Date acquired Total Checkouts Call number Accession number Date last seen Price effective from Koha item type Copy number
    Dewey Decimal Classification     SEACOM MANAGEMENT COLLEGE SEACOM MANAGEMENT COLLEGE Reference 28/02/2009   005.7575 F 423 M-2292 25/02/2025 25/02/2025 Reference Books  
    Dewey Decimal Classification     SEACOM MANAGEMENT COLLEGE SEACOM MANAGEMENT COLLEGE   28/02/2009   005.7575 F 423 M-2293 25/02/2025 25/02/2025 Books 1
    Dewey Decimal Classification     SEACOM MANAGEMENT COLLEGE SEACOM MANAGEMENT COLLEGE   28/02/2009   005.7575 F 423 M-2294 25/02/2025 25/02/2025 Books 2
    Dewey Decimal Classification     SEACOM MANAGEMENT COLLEGE SEACOM MANAGEMENT COLLEGE   28/02/2009   005.7575 F 423 M-2295 25/02/2025 25/02/2025 Books 3
    Dewey Decimal Classification     SEACOM MANAGEMENT COLLEGE SEACOM MANAGEMENT COLLEGE   28/02/2009   005.7575 F 423 M-2296 25/02/2025 25/02/2025 Books 4
© Seacom Engineering College, All rights reserved.    Powered by Koha